000 00366nam a2200157Ia 4500
005 20250425161013.0
008 250425s9999 xx 000 0 und d
041 _aspa
082 _a341.0262
245 0 _aECUADOR: GUIA DE INFORMES 1961-1985 PROGRAMA
250 _aS.E.
260 _aS.L.
260 _aSin Pais
_bESPOL
_c1985
942 _c01
010 _a10386
999 _c200500
_d200500